Normal view
MARC view
- Meyer, Joyce,
Entry Personal Name
001 - CONTROL NUMBER
- control field: 7567
003 - CONTROL NUMBER IDENTIFIER
- control field: OSt
005 - DATE AND TIME OF LATEST TRANSACTION
- control field: 20220906095807.0
008 - FIXED-LENGTH DATA ELEMENTS
- fixed length control field: 220906|| aca||aabn | a|a d
040 ## - CATALOGING SOURCE
- Original cataloging agency: OSt
- Transcribing agency: OSt
100 ## - HEADING--PERSONAL NAME
- Personal name: Meyer, Joyce,
- Dates associated with a name: 1943-
670 ## - SOURCE DATA FOUND
- Source citation: Work cat.: (OSt)12030: Meyer, Joyce, 1943-, Battlefield of the mind for teens :, 2006.